Normal view
MARC view
- فقه شافعي - فقه مقارن - الفقه الاسلامي
Entry Topical Term
001 - CONTROL NUMBER
- control field: 35159
003 - CONTROL NUMBER IDENTIFIER
- control field: JO-AjAnu
005 - DATE AND TIME OF LATEST TRANSACTION
- control field: 20230606075901.0
008 - FIXED-LENGTH DATA ELEMENTS
- fixed length control field: 230606|| aca||aabn | a|a d
040 ## - CATALOGING SOURCE
- Original cataloging agency: JO-AjAnu
- Transcribing agency: JO-AjAnu
150 ## - HEADING--TOPICAL TERM
- Topical term or geographic name entry element: فقه شافعي - فقه مقارن - الفقه الاسلامي
670 ## - SOURCE DATA FOUND
- Source citation: Work cat.: (JO-AjAnu)18054: تاليف زكريا الأنصاري، زكريا بن محمد؛ وضع حواشيه صلاح بن محمد بن عويضة, author 35158, منهج الطلاب في فقه الإمام الشافعي رضى الله عنه